| 000 | 00428nam a22001577a 4500 | ||
|---|---|---|---|
| 082 |
_a516.3 _bLOV _cL-25, P-2 |
||
| 100 |
_aLove, Clyde E _939393 |
||
| 245 |
_aAnalytic Geometry _cLove, Clyde E |
||
| 250 | _a3rd ed | ||
| 260 |
_aToronto Canada _bThe Macmillan company _c1938 |
||
| 300 | _axiv, 279 p,: | ||
| 526 |
_a0 _b0 _c0 _d516_300000000000000_LOV |
||
| 650 |
_aMCE _9379 |
||
| 700 |
_aLove, Clyde E _939393 |
||
| 942 |
_2ddc _cBK |
||
| 999 |
_c543891 _d543891 |
||